000
00192nam a2200097Ia 4500
008
240331s9999 xx 000 0 und d
082
_b
ALA
100
_a
Alamelu, V
245
0
_a
Pasi
942
_c
L
999
_c
4385
_d
4385